| 000 | 00499nam a2200181 a 4500 | ||
|---|---|---|---|
| 001 | 22849 | ||
| 005 | 20180713220823.0 | ||
| 008 | 140415s1983 000 0 spa d | ||
| 020 | _a9682603854 | ||
| 041 | _aspa | ||
| 082 |
_a664 _bELE |
||
| 245 | 0 | 0 | _aELEMENTOS DE TECNOLOGIA DE ALIMENTOS |
| 250 | _a1a ed. | ||
| 260 |
_a[s.l.] : _bCOMPAÑIA EDITORIAL CONTINENTAL, _c1983 |
||
| 300 | _a783 | ||
| 650 | 1 | 4 | _aTECNOLOGIA DE ALIMENTOS |
| 700 | 1 |
_aSANGINES DE SALINAS CRISTINA _etr. |
|
| 999 |
_c22849 _d22849 |
||